000 00537nam a22001697a 4500
003 BD-DhUL
005 20170418164913.0
008 170418s1986 nyu||||| |||| 00| 0 eng
040 _aBD-DhUL
_cBD-DhUL
082 _a658.1145
_bUNT
110 2 _aUnited Nations
245 1 0 _aTransnational corporations in South Africa and Namibia :
_bUnited Nations Public hearings ; Verbatim records /
_cUnited Nations
260 _aNew York :
_bUnited Nations ,
_c1986.
300 _a v. ;
_c 27 cm.
650 0 _aCorporations
942 _2ddc
_cREF
999 _c185421
_d185421